| 000 | 00845nam a2200217Ia 4500 | ||
|---|---|---|---|
| 999 |
_c39447 _d39447 |
||
| 001 | 6040 | ||
| 003 | GE_BSU | ||
| 005 | 20190906114351.0 | ||
| 008 | 181216s1952||||ge |||||||||||||| ||geo|| | ||
| 040 | _cGE_BSU | ||
| 041 | _ageo | ||
| 080 | _a821.353.1-31 ა-30 | ||
| 100 |
_aავალიანი, ლადო _93908 |
||
| 245 |
_aახალი ჰორიზონტი : _bრომანი / _cლადო ავალიანი ; რედ. ს. ჩიქოვანი. |
||
| 264 |
_aთბილისი : _bსახელმწიფო გამომცემლობა ; _c1952. |
||
| 300 |
_a326 გვ. ; _c17 სმ. |
||
| 653 | _aახალი ჰორიზონტი | ||
| 653 | _aრომანი | ||
| 700 |
_aჩიქოვანი, ს. _eრედაქტორი _93719 |
||
| 942 |
_cBK _2udc |
||